000 00303nam a22001217a 4500
008 180922b xxu||||| |||| 00| 0 eng d
041 _aeng
080 _a371
100 _a25
101 _aEDU
245 _aAnalysis and Critique: How to Engage and Write about Anything
_cArmstrong, D
942 _2udc
_cBK
999 _c48260
_d48260